| 000 | 00611pam a2200217 a 4500 | ||
|---|---|---|---|
| 001 | 2912209 | ||
| 005 | 20180119043120.0 | ||
| 008 | 881110s1989 maua b 001 0 eng | ||
| 010 | _a 88038947 | ||
| 020 | _a0887303307 | ||
| 040 |
_aDLC _cDLC _dDLC |
||
| 041 | _aeng | ||
| 080 | _a332.6 BER | ||
| 082 | 0 | 0 |
_a332.6 BER _219 |
| 100 | _a54 | ||
| 101 | _aMEN | ||
| 245 | 0 | 4 |
_aThe Institutional investor focus on investment management / _cedited by Frank J. Fabozzi. |
| 504 | _aIncludes bibliographical references and indexes. | ||
| 906 |
_a7 _bcbc _corignew _d1 _eocip _f19 _gy-gencatlg |
||
| 942 |
_2ddc _cBK |
||
| 999 |
_c40547 _d40547 |
||